000 02054nam a2200481 a 4500
001 ebr10578511
003 CaPaEBR
006 m u
007 cr cn|||||||||
008 120718s2012 ne b sb 101 0 eng d
010 _z 2009009617
020 _z9789004228597
020 _z9789004228603 (e-book)
040 _aCaPaEBR
_cCaPaEBR
035 _a(OCoLC)808347405
043 _ae-sp---
050 1 4 _aDP104
_b.M67 2012eb
245 0 4 _aThe Morisco issue
_h[electronic resource] /
_cedited by Kevin Ingram.
260 _aLeiden :
_bBrill,
_c2012.
300 _axxii, 278 p. :
_bmaps.
490 1 _aStudies in medieval and Reformation traditions,
_x1543-4188 ;
_vv. 160
490 1 _aConverso and Morisco studies ;
_vv. 2
490 0 _aThe Conversos and Moriscos in late medieval Spain and beyond ;
_vv. 2
500 _aConference papers.
504 _aIncludes bibliographical references and index.
533 _aElectronic reproduction.
_bPalo Alto, Calif. :
_cebrary,
_d2013.
_nAvailable via World Wide Web.
_nAccess may be limited to ebrary affiliated libraries.
650 0 _aMoriscos
_zSpain
_xHistory
_vCongresses.
650 0 _aMarranos
_zSpain
_xHistory
_vCongresses.
650 0 _aConversion
_xChristianity
_xHistory
_vCongresses.
650 0 _aReligious tolerance
_zSpain
_xHistory
_vCongresses.
650 0 _aChristianity
_zSpain
_vCongresses.
650 0 _aNationalism
_zSpain
_xHistory
_vCongresses.
651 0 _aSpain
_xChurch history
_vCongresses.
651 0 _aSpain
_xEthnic relations
_vCongresses.
651 0 _aSpain
_xHistory
_yFerdinand and Isabella, 1479-1516
_vCongresses.
651 0 _aSpain
_xHistory
_yHouse of Austria, 1516-1700
_vCongresses.
655 7 _aElectronic books.
_2local
700 1 _aIngram, Kevin,
_d1956-
710 2 _aebrary, Inc.
830 0 _aStudies in medieval and Reformation traditions ;
_vv. 160.
830 0 _aConverso and Morisco studies ;
_vv. 2.
856 4 0 _uhttp://site.ebrary.com/lib/rucke/Doc?id=10578511
_zAn electronic book accessible through the World Wide Web; click to view
999 _c188687
_d188687